Statistics for Chad True or False

Click here to take the quiz!

General Stats

  • This quiz has been taken 22 times
  • The average score is 10 of 15

Answer Stats

QuestionAnswer% Correct
The capital of Chad is Niamey.False
88%
Chad's flag is the same as Romania's but with a darker shade of blue.True
88%
Chad borders Egypt.False
82%
Chad has French as an official language.True
82%
Chad is the world's poorest country.False
76%
Chad became independent from Britain.False
76%
Over half of Chad's population are Muslims.True
76%
Chad became independent in 1960.True
76%
Chad is the largest landlocked country in Africa by area.True
71%
Chad has a lower population than all countries it borders.False
65%
Chad is home to Zakouma National Park.True
65%
Chad is native to African bush elephants.True
59%
Chad is named after a river.False
53%
Chad has an average elevation of over 1,500 feet (457 m).True
47%
Chad uses the Parliament as its legislature.False
35%

Score Distribution

Percentile by Number Answered

Percent of People with Each Score

Your Score History

You have not taken this quiz